00623nam a2200205Ia 450000500170000000800410001702000180005804000180007604100080009408200200010210000160012224500970013825000120023526000570024730000280030465000240033265000170035670000270037370000170040020220615171407.0210716s2000 xx 000 0 und d a9788120314849 cAIMIT LIBRARY aeng a006.4 21bGOSE aGose, Earl. aPattern recognition and image analysis /cBy Earl Gose, Richard Johnsonbaugh and Steve Jost. a1st ed. aNew Delhi :bPrentice Hall of India PVt Ltd ,c1997. aix,484p. ;bPBc23.5 cm aPattern Recognition aProbability. aJohnsonbaugh, Richard. aJost, Steve.